| 000 -LEADER |
| fixed length control field |
00360nam a2200109Ia 4500 |
| 008 - FIXED-LENGTH DATA ELEMENTS--GENERAL INFORMATION |
| fixed length control field |
200302s9999 xx 000 0 und d |
| 100 ## - MAIN ENTRY--PERSONAL NAME |
| Personal name |
Sekhar Chandra Dutta & Other |
| 245 ## - TITLE STATEMENT |
| Title |
Improving Earthquake and Cyclone Resistance of Structures Guidelines for the Indian Subcontinent |
| 260 ## - PUBLICATION, DISTRIBUTION, ETC. |
| Name of publisher, distributor, etc. |
The Energy and Resources Institute |
| 260 ## - PUBLICATION, DISTRIBUTION, ETC. |
| Date of publication, distribution, etc. |
2012 |
| 300 ## - PHYSICAL DESCRIPTION |
| Extent |
304 P., |